[Event "1st. bi-monthly Ashmaster's Cup. Over 1600 section"]
[Site "SchemingMind.com"]
[Date "2005.04.23"]
[Round "-"]
[White "Gordon"]
[Black "Ashmaster"]
[Result "1-0"]
[WhiteCountry "ENG"]
[BlackCountry "IRL"]
[WhiteElo "1992"]
[WhiteRD "70"]
[BlackElo "1286"]
[BlackRD "165"]
[GameID "13527"]

1. e4 b6 2. d4 Bb7 3. Nc3 e6 4. Nf3 d5 5. Bd3 Bb4 6. exd5 Bxc3+ 7. bxc3 Qxd5 8. O-O Nc6 9. c4 Qd6 10. c3 Nf6
11. Qa4 O-O 12. Ba3 Nb4 13. Be2 Bc6 14. Qxb4 Qxb4 15. cxb4 Bxf3 16. Bxf3 Rad8 17. Bb2 h6 18. Rad1 Rc8 19. Bc6 a5= 20. b5 Rfd8
21. Ba3 Kh7 22. Be7 Rg8 23. f4 Rh8 24. f5
1-0

[Event "1st. bi-monthly Ashmaster's Cup. Over 1600 section"]
[Site "SchemingMind.com"]
[Date "2005.04.23"]
[Round "-"]
[White "Ashmaster"]
[Black "Gordon"]
[Result "0-1"]
[WhiteCountry "IRL"]
[BlackCountry "ENG"]
[WhiteElo "1286"]
[WhiteRD "165"]
[BlackElo "1992"]
[BlackRD "70"]
[GameID "13528"]

1. d4 Nf6 2. c4 g6 3. Nc3 d5 4. e3 Bg7 5. g3 O-O 6. Qb3 dxc4 7. Qxc4 Nbd7 8. Bg2 e5 9. Nge2 Nb6 10. Qd3 exd4
11. Nxd4 c5 12. O-O cxd4 13. exd4 Re8 14. Bd2 Bf5 15. Qb5 Qxd4 16. Be3 Rxe3 17. fxe3 Qxe3+ 18. Rf2 Ng4 19. Qf1 Bd4 20. Nd1 Qd2
21. h3 Bd3
0-1

[Event "1st. bi-monthly Ashmaster's Cup. Over 1600 section"]
[Site "SchemingMind.com"]
[Date "2005.04.28"]
[Round "-"]
[White "pschalkw"]
[Black "Gordon"]
[Result "0-1"]
[WhiteCountry "NED"]
[BlackCountry "ENG"]
[WhiteElo "1722"]
[WhiteRD "84"]
[BlackElo "2067"]
[BlackRD "61"]
[GameID "13934"]

1. d4 Nf6 2. Nf3 e6 3. c4 b6 4. a3 Ba6 5. Nc3 Bxc4 6. Nd2 Ba6 7. e4 Bxf1 8. Nxf1 d5 9. e5 Nfd7 10. b4 c5
11. bxc5 bxc5 12. Qa4 cxd4 13. Nb5 Nc6 14. f4 Nc5 15. Nd6+ Qxd6
0-1

[Event "1st. bi-monthly Ashmaster's Cup. Over 1600 section"]
[Site "SchemingMind.com"]
[Date "2005.04.28"]
[Round "-"]
[White "pschalkw"]
[Black "Ashmaster"]
[Result "1/2-1/2"]
[WhiteCountry "NED"]
[BlackCountry "IRL"]
[WhiteElo "1722"]
[WhiteRD "84"]
[BlackElo "1345"]
[BlackRD "76"]
[GameID "13935"]

1. g3 d5 2. Bg2 e5 3. Nf3 Nc6 4. d3 Nf6 5. O-O g6 6. Bg5 Bg7 7. Nbd2 O-O 8. e4 d4 9. Nc4 Bg4 10. h3 Bxf3
11. Qxf3 a6= 12. g4 b5 13. Nxe5 Nxe5 14. Qg3 Ned7 15. f4 h6 16. e5 hxg5 17. exf6 Bxf6 18. Bxa8 Qxa8 19. fxg5 Bxg5 20. Qxc7 Qd8
21. Qd6 Be3+ 22. Kg2 Nb6 23. Qg3 Qd5+ 24. Rf3 f5 25. b3 fxg4 26. Qxg4 Qxf3+ 27. Qxf3 Rxf3 28. Kxf3 a5 29. a3 Kf7 30. Ke4 Kf6
31. Rf1+ Ke6 32. Rf8 b4 33. a4 Nd5 34. Ra8 Nc3+ 35. Kf3 Nb1 36. Rxa5 Na3 37. Rc5 Kd6 38. Rc8=
1/2-1/2

[Event "1st. bi-monthly Ashmaster's Cup. Over 1600 section"]
[Site "SchemingMind.com"]
[Date "2005.04.28"]
[Round "-"]
[White "Gordon"]
[Black "pschalkw"]
[Result "1-0"]
[WhiteCountry "ENG"]
[BlackCountry "NED"]
[WhiteElo "2067"]
[WhiteRD "61"]
[BlackElo "1722"]
[BlackRD "84"]
[GameID "13936"]

1. e4 c5 2. Nf3 Nf6 3. e5 Nd5 4. Nc3 Nxc3 5. dxc3 Nc6 6. Bc4 e6 7. Bf4 h6 8. O-O b6 9. Qe2 Bb7 10. Rad1 Qc7
11. Rd2 O-O-O 12. Rfd1 a6 13. Bxa6 Kb8 14. a4 Ba8 15. Bg3 Ka7 16. Bb5 Nb8 17. a5 bxa5 18. Ra1 Qb6 19. c4 Na6 20. Rd3 d5
21. Bxa6 Qxa6 22. Rda3 Qxc4 23. Rxa5+ Kb7 24. Ra7+
1-0

[Event "1st. bi-monthly Ashmaster's Cup. Over 1600 section"]
[Site "SchemingMind.com"]
[Date "2005.04.28"]
[Round "-"]
[White "Ashmaster"]
[Black "pschalkw"]
[Result "0-1"]
[WhiteCountry "IRL"]
[BlackCountry "NED"]
[WhiteElo "1345"]
[WhiteRD "76"]
[BlackElo "1722"]
[BlackRD "84"]
[GameID "13937"]

1. d4 d5 2. c4 dxc4 3. e3 e5 4. Bxc4 exd4 5. Qxd4 Qxd4 6. exd4 Bb4+ 7. Bd2 Bxd2+ 8. Nxd2 Ne7 9. Ngf3 f6 10. O-O Nbc6
11. Rae1 Na5 12. Bd3 Kf7 13. Re3 Nd5 14. Re2 Nf4 15. Re3 Nxd3 16. Rxd3 Bf5 17. Re3 Rhe8 18. Rfe1 Nc6 19. Rxe8 Rxe8 20. Rxe8 Kxe8
21. Nc4 Nb4 22. a3 Nc2 23. Na5 Be4 24. Kf1 Bd5 25. Ke2 b6 26. Kd2 Nxd4 27. Nxd4 bxa5 28. Nb5 c6 29. Nc7+ Kd7 30. Nxd5 cxd5
31. Kd3 Kd6 32. Kd4 h5 33. f3 a4 34. h3 g6 35. g4 hxg4 36. hxg4 g5 37. Kd3 Ke5 38. Ke3 a6 39. Kd3 a5 40. Ke3 d4+
41. Kd3 Kd5 42. Kd2 Kc4 43. Kc2 d3+ 44. Kd1 Kb3 45. Kd2 Kxb2 46. Kxd3 Kb3 47. Kd4 Kc2 48. Ke3= Kc3 49. f4 gxf4+ 50. Kxf4 Kb3
51. Kf5 Kxa3 52. Kxf6 Kb4 53. g5 a3 54. g6 a2 55. g7 a1=Q+ 56. Kf7 Qxg7+
0-1

[Event "1st. bi-monthly Ashmaster's Cup. Over 1600 section"]
[Site "SchemingMind.com"]
[Date "2005.05.02"]
[Round "-"]
[White "catsnack"]
[Black "Gordon"]
[Result "0-1"]
[WhiteCountry "AUS"]
[BlackCountry "ENG"]
[WhiteElo "1960"]
[WhiteRD "84"]
[BlackElo "2128"]
[BlackRD "59"]
[GameID "14243"]

1. e4 c5 2. Nc3 Nc6 3. f4 g6 4. Nf3 Bg7 5. Bc4 e6 6. O-O Nge7 7. e5 d5 8. exd6 Qxd6 9. Ne4 Qc7 10. d3 O-O
11. c3 b6 12. Qe1 Bb7 13. Neg5 h6 14. Ne4 Nf5 15. g4 Nd6 16. Bb3 Ne7 17. Bd2 Rad8 18. Bc2 Nd5 19. Ng3 Qc6 20. Rf2 Nf6
21. Ne5 Qc7 22. Rd1 Nd5 23. Bc1 b5 24. h4 Rfe8 25. h5 g5 26. fxg5 hxg5 27. d4 f6 28. Ng6 cxd4 29. cxd4 a5 30. Bb1 b4
31. Re2 Qd7 32. Rh2= Nf7
0-1

[Event "1st. bi-monthly Ashmaster's Cup. Over 1600 section"]
[Site "SchemingMind.com"]
[Date "2005.05.02"]
[Round "-"]
[White "catsnack"]
[Black "pschalkw"]
[Result "1-0"]
[WhiteCountry "AUS"]
[BlackCountry "NED"]
[WhiteElo "2023"]
[WhiteRD "101"]
[BlackElo "1722"]
[BlackRD "84"]
[GameID "14244"]

1. e4 g6 2. Bc4 c6 3. Nf3 d5 4. exd5 cxd5 5. Bb5+ Bd7 6. Bxd7+ Nxd7 7. O-O Bg7 8. d4 Ngf6 9. Re1 O-O 10. Nc3 e6
11. a4 a6 12. Bf4 Nh5 13. Be3 Qc7 14. Ne2 Rac8 15. c3 Rfe8 16. Ng3 Nxg3 17. hxg3 Nf6 18. Bf4 Qe7 19. Bg5 h6 20. Bxf6 Bxf6
21. Re2 Kg7 22. Qb3 g5 23. g4 Rh8 24. Rae1 h5 25. Ne5 hxg4 26. Nxg4 Rh4 27. f3 Rch8 28. Qb6 Kg6 29. Rxe6 fxe6 30. Rxe6 Rh1+
31. Kf2
1-0

[Event "1st. bi-monthly Ashmaster's Cup. Over 1600 section"]
[Site "SchemingMind.com"]
[Date "2005.05.02"]
[Round "-"]
[White "catsnack"]
[Black "Ashmaster"]
[Result "1-0"]
[WhiteCountry "AUS"]
[BlackCountry "IRL"]
[WhiteElo "2023"]
[WhiteRD "101"]
[BlackElo "1345"]
[BlackRD "76"]
[GameID "14245"]

1. e4 c5 2. Nc3 Nc6 3. f4 d6 4. Nf3 g6 5. Bc4 e6 6. O-O Bg7 7. Ne2 Nge7 8. c3 O-O 9. d4 b6 10. Be3 d5
11. Bd3 Bb7 12. dxc5 Na5 13. e5 bxc5 14. Bxc5 Qc7 15. Bd6 Qd7 16. Ned4 Nc8 17. Bxf8
1-0

[Event "1st. bi-monthly Ashmaster's Cup. Over 1600 section"]
[Site "SchemingMind.com"]
[Date "2005.05.02"]
[Round "-"]
[White "Gordon"]
[Black "catsnack"]
[Result "1-0"]
[WhiteCountry "ENG"]
[BlackCountry "AUS"]
[WhiteElo "2128"]
[WhiteRD "59"]
[BlackElo "1960"]
[BlackRD "84"]
[GameID "14246"]

1. e4 c5 2. Nf3 Nc6 3. d4 cxd4 4. Nxd4 Nf6 5. Nc3 d6 6. Bc4 e5 7. Nde2 Be7 8. O-O O-O 9. a3 Be6 10. Bd5 Rc8
11. Ng3 Qd7 12. Be3 b6 13. Qe2 Bxd5 14. exd5 Na5 15. Qd3 Ng4 16. Qf5 Rfd8 17. Bc1 g6 18. Qxd7 Rxd7 19. f3 Nf6 20. Nge2 Ne8
21. g4 f5 22. gxf5 gxf5 23. Ng3 Ng7 24. Bh6 Bh4 25. f4 e4 26. Rf2 Bxg3 27. hxg3 Nc4 28. Nd1 Rf7 29. b3 Na5 30. Ne3
1-0

[Event "1st. bi-monthly Ashmaster's Cup. Over 1600 section"]
[Site "SchemingMind.com"]
[Date "2005.05.02"]
[Round "-"]
[White "pschalkw"]
[Black "catsnack"]
[Result "0-1"]
[WhiteCountry "NED"]
[BlackCountry "AUS"]
[WhiteElo "1722"]
[WhiteRD "84"]
[BlackElo "2023"]
[BlackRD "101"]
[GameID "14247"]

1. e4 c5 2. Nc3 Nc6 3. g3 Nf6 4. Bg2 e5 5. d3 d6 6. h3 Be7 7. Be3 a6 8. Nge2 b5 9. f4 Bb7 10. f5 Nd4
11. g4 h5 12. g5 Nd7 13. h4 Nxf5 14. exf5 Bxg2 15. Rh2 Bf3 16. Kf2 Bg4 17. Qh1 Bxf5 18. Nd5 Rc8 19. Rf1 Be6 20. Ke1 f5
21. Nxe7 Qxe7 22. Ng3 g6 23. Rhf2 Nb6 24. Nxf5 gxf5 25. Rxf5 Nd5 26. R5f3 Nxe3 27. Rxe3 Rf8 28. Rxf8+ Kxf8 29. Rf3+ Kg8 30. Rf6 Rf8
31. Rg6+ Kh7 32. Rh6+ Kg7 33. Rxh5 Qf7 34. g6 Qf2+ 35. Kd1 Bg4+
0-1

[Event "1st. bi-monthly Ashmaster's Cup. Over 1600 section"]
[Site "SchemingMind.com"]
[Date "2005.05.02"]
[Round "-"]
[White "Ashmaster"]
[Black "catsnack"]
[Result "0-1"]
[WhiteCountry "IRL"]
[BlackCountry "AUS"]
[WhiteElo "1432"]
[WhiteRD "65"]
[BlackElo "2110"]
[BlackRD "102"]
[GameID "14248"]

1. c4 e5 2. Nc3 Nc6 3. e3 Nf6 4. Nf3 Bb4 5. Qc2 O-O 6. a3 Bxc3 7. Qxc3 Re8 8. Be2 d5 9. Qd3 e4 10. Qb3 exf3
11. Bxf3 dxc4 12. Qxc4 Ne5 13. Qe2 Nxf3+ 14. Qxf3 Qd3 15. Qe2 Bf5 16. Qxd3 Bxd3 17. b3 Rad8 18. Bb2 Nd5 19. Bd4 Nb6 20. Bxb6 cxb6
21. O-O-O Rc8+ 22. Kb2 Rc2+ 23. Ka1 Rec8 24. f3 Be2 25. Rb1 Rxd2 26. Rhc1 Rxc1 27. Rxc1 Rd1 28. Kb2 Rxc1 29. Kxc1 Bf1 30. g3 Bg2
31. f4 f5 32. Kd2 Kf7 33. Kd3 Ke6 34. Kd4 Kd6 35. Kc4 a6 36. Kd4 Bd5 37. b4 a5 38. bxa5 bxa5 39. h3 h5 40. Kd3= Kc5
41. Kc3 b5
0-1

[Event "1st. bi-monthly Ashmaster's Cup. Over 1600 section"]
[Site "SchemingMind.com"]
[Date "2005.05.04"]
[Round "-"]
[White "bigfoot1"]
[Black "catsnack"]
[Result "1-0"]
[WhiteCountry "FRA"]
[BlackCountry "AUS"]
[WhiteElo "1782"]
[WhiteRD "75"]
[BlackElo "1960"]
[BlackRD "84"]
[GameID "14461"]

1. e4 c5 2. Nf3 Nc6 3. d4 cxd4 4. Nxd4 Nf6 5. Nc3 d6 6. f3 e5 7. Ndb5 a6 8. Na3 b5 9. Nd5 Nxd5 10. exd5 Nd4
11. c3 Nf5 12. g3 Be7 13. Bd3 h5 14. Qc2 g6 15. Bd2 Bg5 16. f4 exf4 17. O-O-O f3 18. Rde1+ Kf8 19. Rhf1 h4 20. g4 Bxd2+
21. Qxd2 Ne7 22. h3 Bb7 23. Be4 Rc8 24. Rxf3 Rh7 25. Nc2 Kg8 26. Ref1 Rc4 27. Rf4 Rg7 28. Ne3 Rc5 29. Qf2 Qe8 30. Bxg6 Nxg6
31. Rf6 Bxd5 32. Nf5 Rh7 33. Nxd6 Qc6 34. Rxg6+ Kf8 35. Ne4 Bxe4 36. Rxc6 Rxc6 37. Re1 Bg6 38. Qe3 Rh8 39. Qe8+
1-0

[Event "1st. bi-monthly Ashmaster's Cup. Over 1600 section"]
[Site "SchemingMind.com"]
[Date "2005.05.04"]
[Round "-"]
[White "bigfoot1"]
[Black "Gordon"]
[Result "0-1"]
[WhiteCountry "FRA"]
[BlackCountry "ENG"]
[WhiteElo "1797"]
[WhiteRD "90"]
[BlackElo "2067"]
[BlackRD "61"]
[GameID "14462"]

1. e4 c5 2. Nf3 d6 3. d4 cxd4 4. Nxd4 Nf6 5. Nc3 g6 6. Be3 Bg7 7. f3 O-O 8. Qd2 Nc6 9. Bc4 Bd7 10. O-O-O Rc8
11. Bb3 Ne5 12. Qe2 a6 13. h3 b5 14. g4 Nc4 15. h4 e5 16. Nf5 gxf5 17. gxf5 Nxe3 18. Qxe3 b4 19. Rhg1 Kh8 20. Rxg7 Kxg7
21. Rg1+ Kh8 22. Qh6 Rg8 23. Rg5 bxc3 24. Bxf7 cxb2+ 25. Kb1 Rxg5 26. hxg5 Qe7 27. g6 Qf8 28. Qh4 Kg7 29. f4 hxg6 30. fxe5 Qxf7
0-1

[Event "1st. bi-monthly Ashmaster's Cup. Over 1600 section"]
[Site "SchemingMind.com"]
[Date "2005.05.04"]
[Round "-"]
[White "bigfoot1"]
[Black "pschalkw"]
[Result "1-0"]
[WhiteCountry "FRA"]
[BlackCountry "NED"]
[WhiteElo "1797"]
[WhiteRD "90"]
[BlackElo "1722"]
[BlackRD "84"]
[GameID "14463"]

1. e4 c5 2. Nf3 Nf6 3. e5 Nd5 4. Nc3 Nxc3 5. dxc3 Nc6 6. Bf4 h6 7. Bb5 e6 8. O-O Qc7 9. Re1 a6 10. Bf1 b6
11. a3 Bb7 12. b4 Rd8 13. Qd2 d5 14. exd6 Bxd6 15. Bxd6 Rxd6 16. Qf4 Rd7 17. Qg4 O-O 18. Bd3 Nd8 19. c4 f5 20. Qg6 Rf6
21. Qh5 Nf7 22. Nh4 Kh7 23. Rxe6 Nd6 24. Rxf6 gxf6 25. Nxf5 Nxf5 26. Bxf5+ Kg7 27. Qg6+ Kf8 28. Re1 Re7 29. Qxf6+ Ke8 30. Bg6+
1-0

[Event "1st. bi-monthly Ashmaster's Cup. Over 1600 section"]
[Site "SchemingMind.com"]
[Date "2005.05.04"]
[Round "-"]
[White "bigfoot1"]
[Black "Ashmaster"]
[Result "1-0"]
[WhiteCountry "FRA"]
[BlackCountry "IRL"]
[WhiteElo "1815"]
[WhiteRD "81"]
[BlackElo "1432"]
[BlackRD "65"]
[GameID "14464"]

1. e4 c5 2. Nf3 d6 3. d4 cxd4 4. Nxd4 Nf6 5. Nc3 e5 6. Ndb5 a6 7. Na3 Be7 8. Nc4 O-O 9. Ne3 Nc6 10. Ned5 Nxd5
11. Nxd5 Bd7 12. Be3 Re8 13. Bb6 Qc8 14. Be2 Bd8 15. O-O Ne7 16. Nxe7+ Rxe7 17. Bxd8 Qxd8 18. Qxd6 Re6 19. Qa3 Qe7 20. Qb3 b5
21. Rad1 Rd8 22. Qd5 h6 23. Rd3 Qe8 24. Rfd1 Re7 25. Qb7 a5 26. Rd5 f6 27. Qa7 Bc6 28. Qxa5 Bxd5 29. Bxb5 Qf8 30. Rxd5 Rxd5
31. Bc4 Kh7 32. Bxd5 Qc8 33. c3 Qc7= 34. Qb5 Qd7= 35. Qxd7 Rxd7 36. Kf1 Rd6 37. Ke2 Rb6 38. b4 g6 39. a4 f5= 40. a5 Ra6
41. Bb7 Ra7 42. a6 fxe4 43. b5
1-0

[Event "1st. bi-monthly Ashmaster's Cup. Over 1600 section"]
[Site "SchemingMind.com"]
[Date "2005.05.04"]
[Round "-"]
[White "catsnack"]
[Black "bigfoot1"]
[Result "1-0"]
[WhiteCountry "AUS"]
[BlackCountry "FRA"]
[WhiteElo "2023"]
[WhiteRD "101"]
[BlackElo "1797"]
[BlackRD "90"]
[GameID "14465"]

1. e4 e6 2. Qe2 d5 3. exd5 Qxd5 4. Nc3 Qd8 5. Nf3 Nc6 6. g3 b6 7. Bg2 Bb7 8. O-O Nd4 9. Nxd4 Bxg2 10. Nxe6 Qe7
11. Nxc7+ Kd8 12. Qxe7+ Nxe7 13. Nxa8 Bxf1 14. Kxf1 Kc8 15. d3 Kb7 16. Nxb6
1-0

[Event "1st. bi-monthly Ashmaster's Cup. Over 1600 section"]
[Site "SchemingMind.com"]
[Date "2005.05.04"]
[Round "-"]
[White "Gordon"]
[Black "bigfoot1"]
[Result "1-0"]
[WhiteCountry "ENG"]
[BlackCountry "FRA"]
[WhiteElo "2067"]
[WhiteRD "61"]
[BlackElo "1797"]
[BlackRD "90"]
[GameID "14466"]

1. e4 e6 2. d4 d5 3. Nc3 Nf6 4. Bg5 dxe4 5. Nxe4 Be7 6. Bxf6 Bxf6 7. Nf3 Nd7 8. Qd2 O-O 9. O-O-O Be7 10. Bd3 c5
11. Nxc5 Nxc5 12. dxc5 Qd5 13. Kb1 Qxc5 14. h4 a5 15. Ng5 h6 16. Ne4 Qc7 17. g4 Rd8 18. Qe2 Bd7 19. g5 Qf4 20. Rhg1 e5
21. gxh6 Qxh6 22. Ng5 b5 23. Qxe5 Bf6 24. Qf4 b4 25. Bh7+ Kf8 26. Be4 Bxg5 27. hxg5 Qh5 28. Rh1 Bh3 29. Bf3
1-0

[Event "1st. bi-monthly Ashmaster's Cup. Over 1600 section"]
[Site "SchemingMind.com"]
[Date "2005.05.04"]
[Round "-"]
[White "Ashmaster"]
[Black "bigfoot1"]
[Result "0-1"]
[WhiteCountry "IRL"]
[BlackCountry "FRA"]
[WhiteElo "1345"]
[WhiteRD "76"]
[BlackElo "1797"]
[BlackRD "90"]
[GameID "14468"]

1. Nf3 Nf6 2. d4 g6 3. c4 Bg7 4. Nc3 O-O 5. e4 d6 6. Be3 Ng4 7. Qd2 Nxe3 8. Qxe3 Bg4 9. Be2 Nc6 10. O-O Bxf3
11. Bxf3 Nxd4 12. Qd3 c5 13. a3 a6 14. b4 e6 15. bxc5 dxc5 16. Rab1 Qa5 17. Ra1 Nxf3+
0-1

[Event "1st. bi-monthly Ashmaster's Cup. Over 1600 section"]
[Site "SchemingMind.com"]
[Date "2005.05.05"]
[Round "-"]
[White "fretless"]
[Black "catsnack"]
[Result "1-0"]
[WhiteCountry "NOR"]
[BlackCountry "AUS"]
[WhiteElo "1993"]
[WhiteRD "72"]
[BlackElo "1960"]
[BlackRD "84"]
[GameID "14566"]

1. d4 Nf6 2. c4 e6 3. Nf3 b6 4. a3 Bb7 5. Nc3 Be7 6. e3 O-O 7. Be2 d5 8. O-O Nbd7 9. cxd5 exd5 10. Qc2 Re8
11. b4 Ne4 12. Nxe4 dxe4 13. Nd2 Nf6 14. Bb2 Bd6 15. Nc4 a6 16. Rac1 Rc8 17. Rfd1 Qe7 18. Qd2 Rcd8 19. Nxd6 cxd6 20. b5 a5
21. d5 Nxd5 22. Bd4 Qg5 23. Bc4
1-0

[Event "1st. bi-monthly Ashmaster's Cup. Over 1600 section"]
[Site "SchemingMind.com"]
[Date "2005.05.05"]
[Round "-"]
[White "fretless"]
[Black "bigfoot1"]
[Result "1-0"]
[WhiteCountry "NOR"]
[BlackCountry "FRA"]
[WhiteElo "1962"]
[WhiteRD "71"]
[BlackElo "1815"]
[BlackRD "81"]
[GameID "14567"]

1. d4 Nf6 2. c4 g6 3. Nc3 Bg7 4. e4 d6 5. Nf3 O-O 6. Be2 e5 7. O-O Na6 8. Be3 Ng4 9. Bg5 Qe8 10. d5 Bd7
11. a3 Nc5 12. b4 Na4 13. Nb5 Bxb5 14. cxb5 Nc3 15. Qd3 Nxe2+ 16. Qxe2 f6 17. Bd2 Nh6 18. a4 f5 19. Ng5 Rf6 20. Rac1 Qd7
21. Ne6 Rc8 22. Bg5 Rxe6 23. dxe6 Qxe6 24. Rfd1 f4 25. Bxh6 Bxh6 26. Qc4 Kf7 27. Rxd6 Qxc4 28. Rxc4 Ke7 29. Rd3 Bf8 30. a5 Ke6
31. f3 Bd6 32. Kf2 g5 33. b6 c6 34. a6 bxa6 35. b7
1-0

[Event "1st. bi-monthly Ashmaster's Cup. Over 1600 section"]
[Site "SchemingMind.com"]
[Date "2005.05.05"]
[Round "-"]
[White "fretless"]
[Black "Gordon"]
[Result "0-1"]
[WhiteCountry "NOR"]
[BlackCountry "ENG"]
[WhiteElo "1993"]
[WhiteRD "72"]
[BlackElo "2128"]
[BlackRD "59"]
[GameID "14568"]

1. d4 Nf6 2. c4 e6 3. Nf3 b6 4. a3 Ba6 5. Qc2 Bb7 6. Nbd2 d5 7. cxd5 exd5 8. g3 Bd6 9. Bg2 Nbd7 10. O-O O-O
11. b4 Re8 12. Nb3 Qe7 13. e3 Qe4 14. Ne1 Qxc2 15. Nxc2 Ba6 16. Re1 Bd3 17. Ra2 c6 18. Rd1 Bc4 19. Rb2 Ne4 20. Nd2 Be2
21. Nxe4 dxe4 22. Rd2 Bc4 23. Ne1 a5 24. Rdc2 b5 25. f3 axb4 26. axb4 Nf6 27. Bf1 Bd5 28. f4 Ra1 29. h3 Rea8 30. Bd2 R8a4
31. Kf2 Nd7 32. g4 Nb6 33. Be2 Nc4 34. Bxc4 Bxc4 35. h4 g6 36. g5 f5 37. Bc3 Kf7 38. Bd2 Ke6 39. Bc3 Kd5 40. Bd2 Bd3
41. Rc3 Rxb4 42. Rc5+ Bxc5 43. Bxb4 Bxb4 44. Rxb4 Ra2+
0-1

[Event "1st. bi-monthly Ashmaster's Cup. Over 1600 section"]
[Site "SchemingMind.com"]
[Date "2005.05.05"]
[Round "-"]
[White "fretless"]
[Black "pschalkw"]
[Result "1-0"]
[WhiteCountry "NOR"]
[BlackCountry "NED"]
[WhiteElo "1962"]
[WhiteRD "71"]
[BlackElo "1700"]
[BlackRD "81"]
[GameID "14569"]

1. d4 d5 2. c4 dxc4 3. e4 Nc6 4. Nf3 Nf6 5. Nc3 Bg4 6. e5 Bxf3 7. gxf3 Nd5 8. Bxc4 Nb6 9. Bb5 e6 10. f4 Bb4
11. Bxc6+ bxc6 12. Rg1 g6 13. a3 Bxc3+ 14. bxc3 Qd5 15. Be3 Nc4 16. Qd3 Rb8 17. Rb1 Ke7 18. h3 Rb2 19. Rxb2 Nxb2 20. Qa6 Qb3
21. Ke2 Qb6 22. Qxb6 cxb6 23. Rb1 Na4 24. Kd3 Rd8 25. Kc2 b5 26. f5 gxf5 27. Bg5+ Kd7 28. Bxd8 Kxd8 29. Rg1 Ke7 30. Rg7
1-0

[Event "1st. bi-monthly Ashmaster's Cup. Over 1600 section"]
[Site "SchemingMind.com"]
[Date "2005.05.05"]
[Round "-"]
[White "fretless"]
[Black "Ashmaster"]
[Result "1-0"]
[WhiteCountry "NOR"]
[BlackCountry "IRL"]
[WhiteElo "1962"]
[WhiteRD "71"]
[BlackElo "1432"]
[BlackRD "65"]
[GameID "14570"]

1. d4 Nf6 2. c4 g6 3. Nc3 Bg7 4. e4 O-O 5. e5 Ne8 6. Nf3 c6 7. Be2 Nc7 8. O-O d5 9. exd6 exd6 10. Re1 c5
11. Bg5 Bf6 12. Bxf6 Qxf6 13. Ne4 Qe7 14. Bf1 Qd8 15. dxc5 dxc5 16. Nxc5 Qxd1 17. Raxd1 Nc6 18. Ne5 Nxe5 19. Rxe5 Ne6 20. Nd7 Bxd7
21. Rxd7 Rab8 22. Rb5 Rfc8 23. Rdxb7 Rxb7 24. Rxb7 Ra8 25. b4 a5 26. b5 Nc5 27. Rc7 Ne6 28. Rc6 Kg7 29. Ra6 Rc8 30. Rxa5 Nd4
31. b6 Rb8 32. Rd5 Rxb6 33. Rxd4 Rb2 34. a4 Rb4 35. a5 Ra4 36. Rd5 Kf6 37. g4 Ke6 38. g5
1-0

[Event "1st. bi-monthly Ashmaster's Cup. Over 1600 section"]
[Site "SchemingMind.com"]
[Date "2005.05.05"]
[Round "-"]
[White "catsnack"]
[Black "fretless"]
[Result "0-1"]
[WhiteCountry "AUS"]
[BlackCountry "NOR"]
[WhiteElo "1960"]
[WhiteRD "84"]
[BlackElo "1993"]
[BlackRD "72"]
[GameID "14571"]

1. e4 c5 2. Nf3 d6 3. Nc3 Nc6 4. Bb5 a6 5. Bxc6+ bxc6 6. O-O e5 7. h3 Nf6 8. d3 Rb8 9. Ne2 Be7 10. c4 O-O
11. Qc2 Nh5 12. Nh2 Bg5 13. f4 exf4 14. Nxf4 Nxf4 15. Bxf4 f5 16. b3 Bf6 17. Rae1 fxe4 18. dxe4 Bd4+ 19. Kh1 Rb7 20. Rf3 Rbf7
21. Ref1 Qe7 22. Bg3 Be6 23. Qd3 Qd8 24. Rxf7 Bxf7 25. Nf3 Bg6 26. Qe2 Qe7
0-1

[Event "1st. bi-monthly Ashmaster's Cup. Over 1600 section"]
[Site "SchemingMind.com"]
[Date "2005.05.05"]
[Round "-"]
[White "bigfoot1"]
[Black "fretless"]
[Result "0-1"]
[WhiteCountry "FRA"]
[BlackCountry "NOR"]
[WhiteElo "1797"]
[WhiteRD "90"]
[BlackElo "1911"]
[BlackRD "74"]
[GameID "14572"]

1. e4 c5 2. Nf3 d6 3. d4 cxd4 4. Nxd4 Nf6 5. Nc3 a6 6. a4 e5 7. Nb3 Be6 8. Bg5 Be7 9. Be2 O-O 10. O-O Qc7
11. Kh1 Nbd7 12. f4 h6 13. fxe5 dxe5 14. Bh4 Rac8 15. Nd5 Bxd5 16. exd5 Qxc2
0-1

[Event "1st. bi-monthly Ashmaster's Cup. Over 1600 section"]
[Site "SchemingMind.com"]
[Date "2005.05.05"]
[Round "-"]
[White "Gordon"]
[Black "fretless"]
[Result "1-0"]
[WhiteCountry "ENG"]
[BlackCountry "NOR"]
[WhiteElo "2083"]
[WhiteRD "63"]
[BlackElo "1962"]
[BlackRD "71"]
[GameID "14573"]

1. e4 c5 2. Nf3 d6 3. d4 cxd4 4. Nxd4 Nf6 5. Nc3 a6 6. Be3 e5 7. Nb3 Be6 8. f3 Nbd7 9. Qd2 Rc8 10. g4 h6
11. O-O-O b5 12. Kb1 Nb6 13. Qf2 Nfd7 14. Nd5 Bxd5 15. exd5 Be7 16. f4 Nc4 17. Bc1 Qb6 18. Qe1 O-O 19. h4 Rfe8 20. f5 a5
21. g5 a4 22. f6 axb3 23. cxb3 Na5 24. fxe7 h5 25. Be3 Qa6 26. Qb4 Rb8 27. Bd2
1-0

[Event "1st. bi-monthly Ashmaster's Cup. Over 1600 section"]
[Site "SchemingMind.com"]
[Date "2005.05.05"]
[Round "-"]
[White "pschalkw"]
[Black "fretless"]
[Result "0-1"]
[WhiteCountry "NED"]
[BlackCountry "NOR"]
[WhiteElo "1700"]
[WhiteRD "81"]
[BlackElo "1962"]
[BlackRD "71"]
[GameID "14574"]

1. e4 c5 2. Nc3 Nc6 3. g3 g6 4. Bg2 Bg7 5. d3 d6 6. Be3 Rb8 7. Qd2 b5 8. Nge2 b4 9. Nd1 Nf6 10. Bh6 O-O
11. h4 Bxh6 12. Qxh6 Qa5 13. b3 Ne5 14. f3 Ned7 15. g4 Bb7 16. h5 Ne5 17. hxg6 fxg6 18. g5 Nh5 19. Rxh5 gxh5 20. f4 Nf7
21. Qxh5 Nh8 22. Ne3 Qb5 23. O-O-O Qe8 24. Qh2 Qg6 25. f5 Qxg5 26. Nf4 e5 27. Nfd5 Bxd5 28. Kd2 Ng6 29. Rh1 Rb7 30. Bf1 Qf4
31. fxg6 Qxh2+ 32. Rxh2 Bc6 33. gxh7+ Rxh7 34. Rg2+ Rg7 35. Rh2 Rg1 36. Be2 Rf6 37. Nf5 Bd7 38. Rf2 Bxf5 39. Rxf5 Rxf5 40. exf5 Ra1
0-1

[Event "1st. bi-monthly Ashmaster's Cup. Over 1600 section"]
[Site "SchemingMind.com"]
[Date "2005.05.05"]
[Round "-"]
[White "Ashmaster"]
[Black "fretless"]
[Result "0-1"]
[WhiteCountry "IRL"]
[BlackCountry "NOR"]
[WhiteElo "1345"]
[WhiteRD "76"]
[BlackElo "1911"]
[BlackRD "74"]
[GameID "14575"]

1. b3 e5 2. Bb2 Nc6 3. e4 Nf6 4. Nc3 d5 5. exd5 Nxd5 6. Nxd5 Qxd5 7. Qf3 Be6 8. Qxd5 Bxd5 9. Bb5 Bxg2 10. Bxc6+ bxc6
11. Bxe5 O-O-O
0-1

[Event "1st. bi-monthly Ashmaster's Cup. Over 1600 section"]
[Site "SchemingMind.com"]
[Date "2005.05.08"]
[Round "-"]
[White "Oskyrain"]
[Black "catsnack"]
[Result "1-0"]
[WhiteCountry "ARG"]
[BlackCountry "AUS"]
[WhiteElo "2090"]
[WhiteRD "79"]
[BlackElo "1960"]
[BlackRD "84"]
[GameID "14879"]

1. d4 Nf6 2. c4 e6 3. Nc3 Bb4 4. Nf3 O-O 5. Bg5 h6 6. Bh4 c5 7. e3 Qa5 8. Bxf6 Bxc3+ 9. bxc3 Qxc3+ 10. Nd2 gxf6
11. Rb1 f5 12. Rb3 Qa5 13. Qh5 Kh7 14. e4 Qd8 15. exf5 Qg5 16. Qxg5 hxg5 17. h4 g4 18. Bd3 Kh6 19. fxe6 cxd4 20. exf7 Rxf7
21. Ne4 d6 22. Nxd6 Re7+ 23. Kd2 Nc6 24. Bf5 Bxf5 25. Nxf5+ Kg6 26. Nxe7+ Nxe7 27. h5+ Kh6 28. Rxb7 Nf5 29. Kd3
1-0